000 00394nam a2200157Ia 4500
005 20240807062627.0
008 240806s9999||||xx |||||||||||||| ||eng||
041 _aeng
082 _a294.59213
_bSAYT
100 _aChinnaswami Sastri
245 0 _aTandyamahabrahmana /
_cChinnaswami Sastri
260 _bJai Krishndas Haridas Gupt Banaras
300 _a0
650 _aSanskrit
942 _cBK
999 _c24595
_d24595